Close Investment analysis and portfolio management (Record no. 3571)
[ view plain ]
| 000 -LEADER | |
|---|---|
| fixed length control field | 01131nam a2200169 4500 |
| 020 ## - INTERNATIONAL STANDARD BOOK NUMBER | |
| ISBN | 9780070249073 |
| 050 ## - CALL NUMBER | |
| Classification number | HG4521 |
| 100 ## - AUTHOR | |
| Personal name | Prasanna Chandra |
| 245 ## - TITLE | |
| Title | Close Investment analysis and portfolio management |
| 260 ## - PUBLICATION INFORMATION | |
| Place of publication | New York : |
| -- | London |
| Name of publisher | : McGraw-Hill [distributor], |
| -- | McGraw-Hill Professional ; |
| Year of publication | 2009. |
| 300 ## - DESCRIPTION | |
| Number of Pages | xxii, 734 pages. |
| Other physical details | ill |
| Dimensions | 26cm |
| 440 ## - SERIES | |
| SERIES | CFM-Mcgraw-Hill Professional Series in France. |
| 500 ## - NOTES | |
| General note | Includes index. |
| 505 ## - FORMATTED CONTENTS NOTE | |
| Table of Content | Introduction Overview Investment Alternatives Securities Market Risk and Return Portfolio Theory Pricing Theory Efficient Market Hypothesis The Irrational Influences Bond Prices and Yields Bond Portfolio Management Equity Valuation Macroeconomic and Industry Analysis Company Analysis Technical Analysis Options Futures Mutual Funds Investment in Real Assets Portfolio Management Framework The Grand Design Guidelines for Investment Decisions Strategies of the Great Masters International Investing Appendix A: Tables Appendix B: Regression Analysis Appendix C: Tax Aspects of Investments |
| 650 ## - SUBJECTS | |
| Topical Term | Investment analysis. |
| 942 ## - ADDED ENTRY ELEMENTS (KOHA) | |
| Koha item type | Books |
| Withdrawn status | Lost status | Collection code | Home library | Current library | Shelving location | Date acquired | Full call number | Accession Number | Koha item type |
|---|---|---|---|---|---|---|---|---|---|
| Reference | Methodist University Library Main | Methodist University Library Main | General Stacks | 20/11/2009 | HG4521 | 30195 | Books |